Expats in Soccer/Football Leagues - Statistics

General Stats
  • This quiz has been taken 26 times
  • The average score is 23 of 30
Answer Stats
Hint Answer % Correct
29 France
100%
978 France
100%
409 Spain
100%
27 Germany
96%
441 Germany
96%
82 USA
96%
815 Argentina
92%
33 Brazil
92%
1219 Brazil
92%
42 Canada
92%
31 Netherlands
88%
367 Netherlands
88%
267 Belgium
81%
26 Norway
81%
46 Sweden
81%
28 Australia
77%
525 England
77%
300 Portugal
77%
425 Colombia
73%
22 Austria
69%
400 Croatia
69%
38 Denmark
65%
33 Finland
65%
28 Switzerland
65%
379 Serbia
62%
340 Uruguay
62%
21 Scotland
58%
339 Nigeria
54%
24 Iceland
38%
293 Ghana
31%
No matching quizzes found
Score Distribution
Percent of People with Each Score
Percentile by Number Answered
Your Score History
You have not taken this quiz